<Das> Neue Export-Handbuch <Der> Berater für Anbahnung, Aufbau und Abwicklung von erfolgreichen Auslandsgeschten

Na minha lista:
Detalhes bibliográficos
Autor principal: Kitterer, Bernd H.-J
Formato: Livro
Idioma:alemão
Publicado em: Freiburg im Breisgau Haufe 1984
Edição:1. Aufl.
Tags: Adicionar Tag
Sem tags, seja o primeiro a adicionar uma tag!

MARC

LEADER 00000nam a2200000 4500
001 c024273
005 20221220085325.1
041 0 |a ger 
044 |a DE 
245 1 0 |a <Das> Neue Export-Handbuch  |b <Der> Berater für Anbahnung, Aufbau und Abwicklung von erfolgreichen Auslandsgeschten  |c Herausgegeben von Bernd H.-J. Kitterer, Deutscher Industrie- und Handelstag, Bonn 
250 |a 1. Aufl. 
264 1 |a Freiburg im Breisgau  |b Haufe  |c 1984 
300 |a 3 časti 
100 1 |a Kitterer, Bernd H.-J.